000 00518nam a22001817a 4500
005 20260407154333.0
008 260407s1990 ag |||gr|||| 000 fdspa d
020 _a950-15-0974-5
040 _aEC-QuCCB
082 _aA823
_bW5161
100 1 _aWest, Morris L.,
_d1916-1999
_98929
245 1 0 _aLazaro
_cMorris West ; traducción Aníbal Leal
260 _aBuenos Aires, Argentina :
_bJavier Vergara Editor,
_c1990
300 _a348 páginas ;
_c22 cm
590 _ajcc
650 0 _aNovela australiana
942 _cBK
999 _c83828
_d83828